| 000 | 01768nam a22004337a 4500 | ||
|---|---|---|---|
| 003 | CHAP | ||
| 005 | 20220329135353.0 | ||
| 008 | 971013s1861 r 00010 d | ||
| 010 | _a35222 | ||
| 011 | _a36194 | ||
| 035 | _a40313 | ||
| 040 | _cCHAP | ||
| 082 |
_a574 _bO7 |
||
| 100 | 0 | 0 |
_aOrbigny, Charles D'. _983401 |
| 245 | _aDistionnaire universel d'histoire naturelle | ||
| 260 |
_aParis : _bL. Houssiaux et Cie., _c1861 |
||
| 300 |
_a13 v. y atlas de 3 v. _b: ilus. |
||
| 590 |
_aBATCH-UPD _b10 _c20130110 _lUCH01 _h2049 |
||
| 590 |
_aCONVERSION _b10 _c20130109 _lUCH01 _h1320 |
||
| 650 | 1 | 4 |
_aCiencias naturales _xDiccionarios. _923185 |
| 901 | _aBK | ||
| 942 | _cLIBRO | ||
| 949 |
_a574 O7 _bBC _cBPP _d-92183 _eBPP _fv.1 _h8016 _i40313 _si |
||
| 949 |
_a574 O7 _bBC _cBPP _d-92185 _eBPP _fv.2 _h8017 _i40313 _si |
||
| 949 |
_a574 O7 _bBC _cBPP _d-92186 _eBPP _fv.3 _h8018 _i40313 _si |
||
| 949 |
_a574 O7 _bBC _cBPP _d-92187 _eBPP _fv.4 _h8019 _i40313 _si |
||
| 949 |
_a574 O7 _bBC _cBPP _d-92188 _eBPP _fv.5 _h8020 _i40313 _si |
||
| 949 |
_a574 O7 _bBC _cBPP _d-92194 _eBPP _fv.10 _h8325 _i40313 _si |
||
| 949 |
_a574 O7 _bBC _cBPP _d-92196 _eBPP _fv.11 _h8326 _i40313 _si |
||
| 949 |
_a574 O7 _bBC _cBPP _d-92198 _eBPP _fv.12 _h8327 _i40313 _si |
||
| 949 |
_a574 O7 _bBC _cBPP _d-92200 _eBPP _fv.13 _h8328 _i40313 _si |
||
| 949 |
_a574 O7 _bBC _cBPP _d-92202 _eBPP _fv.1 atlas _h8029 _i40313 _si |
||
| 949 |
_a574 O7 _bBC _cBPP _d-92203 _eBPP _fv.2 atlas _h8030 _i40313 _si |
||
| 949 |
_a574 O7 _bBC _cBPP _d-92204 _eBPP _fv.3 atlas _h8031 _i40313 _si |
||
| 949 |
_a574 O7 _bBC _cLIBRO _d-92189 _eLIBRO _fv.6 _h8021 _i40313 _si |
||
| 949 |
_a574 O7 _bBC _cLIBRO _d-92190 _eLIBRO _fv.7 _h8022 _i40313 _si |
||
| 949 |
_a574 O7 _bBC _cLIBRO _d-92192 _eLIBRO _fv.8 _h8023 _i40313 _si |
||
| 949 |
_a574 O7 _bBC _cLIBRO _d-92193 _eLIBRO _fv.9 _h8324 _i40313 _si |
||
| 999 |
_c35222 _d35222 |
||